| 000 | 00352nam a2200133 4500 | ||
|---|---|---|---|
| 005 | 20260120125437.0 | ||
| 008 | 260120b |||||||| |||| 00| 0 eng d | ||
| 020 | _a9789352691135 | ||
| 100 | _aJain Amit | ||
| 245 |
_aMobile computing _c/Amit Jain |
||
| 260 |
_aNew Delhi; _bRandom Publications; _c2019. |
||
| 300 |
_avi,245.;ill. _c24cm |
||
| 942 |
_2lcc _n0 _cBK |
||
| 999 |
_c143 _d143 |
||